|
|
|
|
| LEADER |
00000naa2a2200000 4500 |
| 001 |
628195 |
| 005 |
20231228134118.0 |
| 035 |
|
|
|a (RuTPU)RU\TPU\conf\28325
|
| 035 |
|
|
|a RU\TPU\conf\28321
|
| 090 |
|
|
|a 628195
|
| 100 |
|
|
|a 20181017d2018 k y0rusy50 ba
|
| 101 |
0 |
|
|a eng
|
| 102 |
|
|
|a RU
|
| 105 |
|
|
|a y z 100zy
|
| 135 |
|
|
|a drcn ---uucaa
|
| 181 |
|
0 |
|a i
|
| 182 |
|
0 |
|a b
|
| 200 |
1 |
|
|a Formation of new microdistricts area within the sanitary protection zone of the Tomsk underground water intake
|f L. N. Chilinger
|g sci. adv. V. K. Popov, I. A. Matveenko
|
| 203 |
|
|
|a Текст
|c электронный
|
| 225 |
1 |
|
|a Геология, горное и нефтегазовое дело (доклады на английском и немецком языках)
|
| 300 |
|
|
|a Заглавие с экрана
|
| 320 |
|
|
|a [Библиогр.: с. 847 (3 назв.)]
|
| 461 |
|
1 |
|0 (RuTPU)RU\TPU\conf\27247
|t Проблемы геологии и освоения недр
|o труды XXII Международного симпозиума имени академика М. А. Усова студентов и молодых ученых, посвященного 155-летию со дня рождения академика В.А. Обручева, 135-летию со дня рождения академика М.А. Усова, основателей Сибирской горно-геологической школы, и 110-летию первого выпуска горных инженеров в Сибири, Томск, 2-7 апреля 2018 г.
|o в 2 т.
|f Национальный исследовательский Томский политехнический университет, Инженерная школа природных ресурсов ; под ред. А. С. Боева
|d 2018
|
| 463 |
|
1 |
|0 (RuTPU)RU\TPU\conf\27249
|t Т. 2
|v [С. 846-847]
|d 2018
|
| 610 |
1 |
|
|a труды учёных ТПУ
|
| 610 |
1 |
|
|a электронный ресурс
|
| 610 |
1 |
|
|a формирование
|
| 610 |
1 |
|
|a микрорайоны
|
| 610 |
1 |
|
|a санитарно-защитные зоны
|
| 610 |
1 |
|
|a подземные водозаборы
|
| 610 |
1 |
|
|a Томск
|
| 610 |
1 |
|
|a подземные воды
|
| 610 |
1 |
|
|a водоснабжение
|
| 700 |
|
1 |
|a Chilinger
|b L. N.
|c Geologist
|c Senior Lecturer of Tomsk Polytechnic University, Candidate of Technical Sciences
|f 1993-
|g Lilia Narimanovna
|3 (RuTPU)RU\TPU\pers\42798
|9 21576
|
| 702 |
|
1 |
|a Popov
|b V. K.
|c geologist
|c Professor of Tomsk Polytechnic University, Doctor of technical science
|f 1945-
|g Viktor Konstantinovich
|4 727
|
| 702 |
|
1 |
|a Matveenko
|b I. A.
|c linguist
|c Associate Professor of Tomsk Polytechnic University, Candidate of philological science
|f 1967-
|g Irina Alekseevna
|4 727
|
| 712 |
0 |
2 |
|a Национальный исследовательский Томский политехнический университет
|b Инженерная школа природных ресурсов
|b Отделение геологии
|3 (RuTPU)RU\TPU\col\23542
|
| 712 |
0 |
2 |
|a Национальный исследовательский Томский политехнический университет
|b Школа базовой инженерной подготовки
|b Отделение иностранных языков
|3 (RuTPU)RU\TPU\col\23510
|
| 801 |
|
2 |
|a RU
|b 63413507
|c 20190125
|g RCR
|
| 856 |
4 |
|
|u http://earchive.tpu.ru/handle/11683/51288
|
| 942 |
|
|
|c BK
|